مكتبة جامعة عجلون الوطنية

فهرس بحث المكتبة

السيرة النبوية في ضوء المصادر الأصلية دراسة تحليلية (Record no. 28876)

MARC details
000 -LEADER
fixed length control field 00774nam a2200205Ii 4500
003 - CONTROL NUMBER IDENTIFIER
control field JO-AjNU
008 - FIXED-LENGTH DATA ELEMENTS--GENERAL INFORMATION
fixed length control field 230605s9999||||xx |||||||||||||| ||und||
040 ## - CATALOGING SOURCE
Original cataloging agency JO-AjNU
Language of cataloging ara
Description conventions rda
Transcribing agency JO-AjNU
041 ## - LANGUAGE CODE
Language code of text/sound track or separate title ara
050 14 - LIBRARY OF CONGRESS CALL NUMBER
Classification number BP75.2.M3444 1992
100 3# - MAIN ENTRY--PERSONAL NAME
Personal name أحمد، مهدي رزق الله,
Relator term author
9 (RLIN) 56591
245 00 - TITLE STATEMENT
Title السيرة النبوية في ضوء المصادر الأصلية دراسة تحليلية
250 ## - EDITION STATEMENT
Edition statement ط1
264 31 - PRODUCTION, PUBLICATION, DISTRIBUTION, MANUFACTURE, AND COPYRIGHT NOTICE
Place of production, publication, distribution, manufacture الرياض: مركز الملك فيصل للبحوث والدراسات الإسلامية، 1992
300 ## - PHYSICAL DESCRIPTION
Extent 928ص
Other physical details ببلوغرافيا ص 737-913
336 ## - CONTENT TYPE
Content type term text
Content type code txt
Source rdacontent
337 ## - MEDIA TYPE
Media type term unmediated
Media type code n
Source rdamedia
338 ## - CARRIER TYPE
Carrier type term volume
Carrier type code nc
Source rdacarrier
650 #4 - SUBJECT ADDED ENTRY--TOPICAL TERM
Topical term or geographic name entry element السيرة النبوية
9 (RLIN) 56592
Holdings
Withdrawn status Lost status Source of classification or shelving scheme Damaged status Not for loan Home library Current library Shelving location Date acquired Total Checkouts Full call number Barcode Date last seen Price effective from Koha item type
    Library of Congress Classification     مكتبة جامعة عجلون الوطنية مكتبة جامعة عجلون الوطنية المجموعات العامة 06/06/2023   BP75.2.M3444 1992 A25308 06/06/2023 06/06/2023 Books